भव्यता का रंगकर्म: (Record no. 1679557)

MARC details
000 -LEADER
fixed length control field 01009nam a2200217 4500
005 - DATE AND TIME OF LATEST TRANSACTION
control field 20260213152600.0
008 - FIXED-LENGTH DATA ELEMENTS--GENERAL INFORMATION
fixed length control field 260213b |||||||| |||| 00| 0 eng d
020 ## - INTERNATIONAL STANDARD BOOK NUMBER
International Standard Book Number 9789387462090 (hbk)
037 ## - SOURCE OF ACQUISITION
Terms of availability TB
040 ## - CATALOGING SOURCE
Original cataloging agency CRL
Transcribing agency CRL
041 ## - LANGUAGE CODE
Source of code hin
Language code of text/sound track or separate title hin
084 ## - COLON CLASSIFICATION NUMBER
Classification number NW44w48 152Q8
Assigning agency CRL
100 ## - MAIN ENTRY--PERSONAL NAME
Personal name वाजपेयी, उदयन
9 (RLIN) 1115620
245 ## - TITLE STATEMENT
Title भव्यता का रंगकर्म:
Remainder of title रतन थियाम से उदयन वाजपेयी का संवाद
260 ## - PUBLICATION, DISTRIBUTION, ETC.
Place of publication, distribution, etc. नई दिल्ली, भारत:
Name of publisher, distributor, etc. राजकमल प्रकाशन,
Date of publication, distribution, etc. 2018.
300 ## - PHYSICAL DESCRIPTION
Extent 126पृ.
650 ## - SUBJECT ADDED ENTRY--TOPICAL TERM
Topical term or geographic name entry element ललित कला
9 (RLIN) 1115621
650 ## - SUBJECT ADDED ENTRY--TOPICAL TERM
Topical term or geographic name entry element sinemaa
9 (RLIN) 1115622
942 ## - ADDED ENTRY ELEMENTS (KOHA)
Source of classification or shelving scheme Colon Classification (CC)
Suppress in OPAC No
Koha item type Textbook
Classification part NW44w48 152Q8
Holdings
Withdrawn status Lost status Source of classification or shelving scheme Damaged status Not for loan Home library Current library Date acquired Source of acquisition Cost, normal purchase price Inventory number Total Checkouts Full call number Barcode Date due Date last seen Date last checked out Price effective from Koha item type
    Colon Classification (CC)     Central Library Arts Library 2026-02-13 आई . ओ . ई प्रोजेक्ट बुक्स 350.00 आई . ओ . ई प्रोजेक्ट बुक्स 1 NW44w44 152Q8 CL1925869 2026-02-18 2026-02-18 2026-02-18 2026-02-13 Textbook
Copyright @ Delhi University Library System